Ciudades de México con Cinépolis - Estadísticas

Estadísticas generales
  • Esta prueba ha sido intentada 25 veces
  • La puntuación promedio es 43 de 152
Estadísticas de respuestas
Cantidad de complejos Ciudad % Correcto
77 Ciudad de México
87%
1 San Juan de los Lagos
78%
1 San Juan del Río
78%
31 Guadalajara
74%
8 Mexicali
74%
37 Monterrey
74%
9 Cancún
70%
3 La Paz
70%
13 Querétaro
70%
6 Culiacán
65%
1 Oaxaca
65%
15 Puebla
65%
10 Ciudad Juárez
61%
4 Hermosillo
61%
7 León
61%
1 Martínez de la Torre
61%
10 Mérida
61%
4 Reynosa
61%
8 Toluca
61%
6 Veracruz
61%
4 Acapulco
57%
6 Aguascalientes
57%
4 Cuernavaca
57%
3 Durango
57%
2 Los Cabos
57%
8 Morelia
57%
8 San Luis Potosí
57%
11 Tijuana
57%
2 Celaya
52%
2 Ciudad Victoria
52%
3 Mazatlán
52%
2 Nuevo Vallarta
52%
2 Puerto Vallarta
52%
4 Tampico
52%
5 Torreón
52%
3 Tuxtla Gutiérrez
52%
4 Xalapa
52%
1 Zacatecas
52%
2 Campeche
48%
6 Chihuahua
48%
3 Matamoros
48%
6 Saltillo
48%
2 Chilpancingo
43%
3 Ensenada
43%
1 Hidalgo del Parral
43%
2 Nuevo Laredo
43%
4 Pachuca
43%
1 Tepic
43%
6 Villahermosa
43%
1 Chetumal
39%
1 Ciudad Hidalgo
39%
2 Ciudad Obregón
39%
1 Córdoba
39%
1 Dolores Hidalgo
39%
2 Tlaxcala
39%
2 Colima
35%
5 Ecatepec
35%
2 Manzanillo
35%
1 Tecate
35%
1 Tepeji del Río
35%
2 Uruapan
35%
2 Zamora
35%
2 Coatzacoalcos
30%
1 Gómez Palacio
30%
2 Irapuato
30%
2 Orizaba
30%
1 Salamanca
30%
2 Tapachula
30%
1 Tehuacán
30%
1 Cuautla
26%
1 Lázaro Cárdenas
26%
2 Los Mochis
26%
1 Minatitlán
26%
1 Nogales
26%
2 Playa del Carmen
26%
1 Chimalhuacán
22%
2 Ciudad del Carmen
22%
2 Monclova
22%
1 Nuevo Casas Grandes
22%
1 Parras de la Fuente
22%
1 San Cristóbal de las Casas
22%
1 Tuxpan
22%
1 Ciudad Cuauhtémoc
17%
1 Iguala
17%
1 Pátzcuaro
17%
1 Rosarito
17%
1 Silao
17%
1 Taxco
17%
1 Acayucan
13%
1 Ciudad Guzmán
13%
4 Coacalco
13%
2 Cozumel
13%
1 Delicias
13%
1 Jiutepec
13%
3 Nezahualcóyotl
13%
1 Temixco
13%
1 Zitácuaro
13%
1 Acámbaro
9%
1 Apizaco
9%
1 Caborca
9%
1 Comitán
9%
7 Cuautitlán Izcalli
9%
1 Emiliano Zapata
9%
1 García
9%
1 Guasave
9%
1 Huatulco
9%
1 Jojutla
9%
1 Los Reyes
9%
1 Magdalena de Kino
9%
1 Navojoa
9%
1 Puerto Peñasco
9%
1 Sahuayo
9%
1 San Francisco del Rincón
9%
1 San Luis Río Colorado
9%
1 San Pedro
9%
1 Uriangato
9%
1 Apatzingán
4%
1 Autlán
4%
1 Camargo
4%
4 Chalco | Ixtapaluca
4%
1 Coatepec
4%
1 Jiménez
4%
1 La Piedad
4%
1 Linares
4%
1 Montemorelos
4%
1 Puerto Aventuras
4%
1 Ramos Arizpe
4%
2 Tecámac
4%
1 Tecomán
4%
1 Tepatitlán
4%
1 Texcoco
4%
1 Teziutlán
4%
2 Tlajomulco
4%
1 Tonalá
4%
1 Tuxtepec
4%
1 Cadereyta
0%
1 Ciudad Acuña
0%
1 Comalcalco
0%
1 Cunduacán
0%
1 Huauchinango
0%
1 Huehuetoca
0%
1 Ixtlahuaca de Rayón
0%
1 Macuspana
0%
1 Múzquiz
0%
1 Ometepec
0%
1 Paraíso
0%
1 Pinotepa Nacional
0%
1 Sabinas
0%
1 Santiago Tianguistenco
0%
1 Sayula
0%
1 Tizayuca
0%
1 Villaflores
0%
No se encontraron pruebas coincidentes
Distribución de puntuación
Porcentaje de gente con cada puntuación
Porcentaje por número respondido
Historial de tus puntuaciones
No has intentado esta prueba.